000 00682nam a2200205 a 4500
001 000026373
005 20240302073950.0
008 081127s2003 dr a 000 0 spa d
040 _aDO-SdBNP
_bspa
_cBNPHU
082 _aC117C
100 1 _aCassá, Roberto,
_d1948-
_910888
245 1 0 _aPedro Santana :
_bautócrata y anexionista /
_cRoberto Cassá ;ilustraciones Ramiro Manzano.
260 _aSanto Domingo :
_bTobogán,
_c2003
_fEditora Alfa & Omega
300 _a57 p. :
_bil. ;
_c21 cm.
490 0 _aBiografías dominicanas Tobogan
504 _aBiografía: p. 57
700 1 _aManzano, Ramiro,
_eil.
_9768
830 0 _aBiografías dominicanas Tobogan
_9769
049 _aBNPD
999 _c25865
_d25865